[Event "London Classic op 7th"]
[Site "London"]
[Date "2015.12.06"]
[Round "4"]
[White "Beck, Anders Knudsen"]
[Black "Bin Suhayl, Ieysaa"]
[Result "1/2-1/2"]
[WhiteElo "1756"]
[BlackElo "1828"]
[PlyCount "93"]
[EventDate "2015.12.04"]
[EventType "swiss"]
[EventRounds "9"]
[EventCountry "ENG"]
[SourceTitle "CBM 169 Extra"]
[Source "ChessBase"]
[SourceDate "2015.12.18"]
[SourceVersion "1"]
[SourceVersionDate "2015.12.18"]
[SourceQuality "1"]

1. d4 d5 2. Nf3 Nf6 3. c4 e6 4. g3 c5 5. Bg2 Nc6 6. cxd5 exd5 7. 0-0 Be7 8. dxc5 Bxc5 9. a3 0-0 10. b4 Be7 11. Bb2 Qc7 12. Nc3 Rd8 13. Rc1 Qb6 14. Na4 Qb5 15. Bxf6 Bxf6 16. Rc5 Qa6 17. b5 Qa5 18. bxc6 Qc7 19. cxb7 Qxb7 20. Qc2 Bd7 21. e3 Rac8 22. Rxc8 Rxc8 23. Rb1 Bxa4 24. Rxb7 Bxc2 25. Nd4 Be4 26. Bxe4 dxe4 27. Nf5 Rd8 28. Rxa7 g6 29. Nh6+ Kg7 30. Nxf7 Rd1+ 31. Kg2 Kg8 32. Nh6+ Kh8 33. Ra4 Ra1 34. Rxe4 Rxa3 35. h4 Ra2 36. Rf4 Bc3 37. g4 Bd2 38. Rf3 Ra4 39. g5 Ra8 40. Ng4 Bc3 41. Rf7 Bg7 42. f4 h5 43. gxh6 Bxh6 44. Nxh6 g5 45. hxg5 Ra2+ 46. Kf3 Rf2+ 47. Kxf2 1/2-1/2

[Event "Tonsberg CC-ch"]
[Site "Tonsberg"]
[Date "2013.02.11"]
[Round "4"]
[White "Beck, Anders Knudsen"]
[Black "Johnsen, Oystein"]
[Result "1/2-1/2"]
[WhiteElo "1459"]
[BlackElo "1893"]
[PlyCount "74"]
[EventDate "2013.01.14"]
[EventType "swiss"]
[EventRounds "9"]
[EventCountry "NOR"]
[SourceTitle "EXT 2024"]
[Source "ChessBase"]
[SourceDate "2023.10.10"]
[SourceVersion "1"]
[SourceVersionDate "2023.10.10"]
[SourceQuality "1"]

1. e4 c5 2. c3 d5 3. exd5 Qxd5 4. d4 Nc6 5. Nf3 Bf5 6. dxc5 Qxd1+ 7. Kxd1 e5 8. Be3 Nf6 9. Nbd2 Nd5 10. Nb3 Nxe3+ 11. fxe3 0-0-0+ 12. Ke1 Be7 13. Bc4 f6 14. Rf1 Bc2 15. Nfd2 Kc7 16. e4 Bd3 17. Rf3 Bxc4 18. Nxc4 Nb8 19. Ne3 Kc8 20. Nd5 Bf8 21. Nb4 Kc7 22. Nd5+ Kc8 23. Nb4 Rd7 24. Rd1 Rxd1+ 25. Kxd1 Be7 26. Rd3 Rd8 27. Rxd8+ Bxd8 28. Nd3 a5 29. Nd2 Nc6 30. Nc4 Kd7 31. Nd6 b6 32. Nb7 Bc7 33. cxb6 Bxb6 34. Nbc5+ Kd6 35. Nb7+ Kc7 36. Nbc5 Kd6 37. Nb7+ Kc7 1/2-1/2

[Event "NOR-chT Clubs"]
[Site "Fagernes"]
[Date "2012.06.08"]
[Round "1"]
[White "Beck, Anders Knudsen"]
[Black "Johnsen, Sylvia"]
[Result "0-1"]
[WhiteElo "1703"]
[BlackElo "2009"]
[PlyCount "50"]
[EventDate "2012.06.08"]
[EventType "team-swiss"]
[EventRounds "6"]
[EventCountry "NOR"]
[SourceTitle "CBM 148 Extra"]
[Source "ChessBase"]
[SourceDate "2012.06.22"]
[SourceVersion "1"]
[SourceVersionDate "2012.06.22"]
[SourceQuality "1"]
[WhiteTeam "Toensberg"]
[BlackTeam "OSS"]
[WhiteTeamCountry "NOR"]
[BlackTeamCountry "NOR"]

1. e4 e5 2. Nf3 Nc6 3. Bb5 a6 4. Bxc6 dxc6 5. 0-0 Bd6 6. c3 c5 7. d3 Bd7 8. Be3 f6 9. Qe2 Ne7 10. Nbd2 Ng6 11. Nc4 b5 12. Nxd6+ cxd6 13. d4 Qe7 14. Rfe1 0-0 15. Nd2 c4 16. f3 Rac8 17. d5 f5 18. Rf1 Nf4 19. Bxf4 exf4 20. Qf2 Rc5 21. Rae1 Qe5 22. Qd4 Re8 23. h3 Kf8 24. Re2 Qxd4+ 25. cxd4 Rxd5 0-1

[Event "Tonsberg op"]
[Site "Tonsberg"]
[Date "2003.09.08"]
[Round "1"]
[White "Kristensen, Frank Bitsch"]
[Black "Beck, Anders Knudsen"]
[Result "1/2-1/2"]
[WhiteElo "883"]
[BlackElo "1289"]
[PlyCount "73"]
[EventDate "2003.09.08"]
[EventType "swiss"]
[EventRounds "9"]
[EventCountry "NOR"]
[SourceTitle "EXT 2008"]
[Source "ChessBase"]
[SourceDate "2007.11.25"]
[SourceVersion "1"]
[SourceVersionDate "2007.11.25"]
[SourceQuality "1"]

1. d4 d5 2. c4 c6 3. Nc3 Nf6 4. h3 e6 5. e3 Bb4 6. Bd2 Nbd7 7. a3 Bxc3 8. Bxc3 dxc4 9. Bxc4 b5 10. Bd3 0-0 11. Nf3 Bb7 12. b4 Nb6 13. 0-0 Na4 14. Qb3 Nd5 15. Bb2 a5 16. Rfb1 axb4 17. axb4 Qe7 18. Ba3 Ra6 19. Bc2 Rfa8 20. Qd3 g6 21. Bxa4 Rxa4 22. e4 Nb6 23. Bb2 Rxb4 24. Rxa8+ Bxa8 25. Kh2 Ra4 26. Ne5 Nd7 27. Ra1 Rxa1 28. Bxa1 f6 29. Nxd7 Qxd7 30. f3 Qd6+ 31. Kg1 Qb4 32. Qc3 Qxc3 33. Bxc3 Kf7 34. Bb4 Bb7 35. Bc5 f5 36. e5 Kg7 37. Kf2 1/2-1/2